000 00707nam a2200169Ia 4500
008 090711s9999 xx 000 0 und d
082 _b30576
100 _aबेहेरे माधव उाgऎ.
245 _aश्री यंत्र - रहस्य आणि सिध्दि यंत्रे
260 _c1974
300 _a160
600 _aबेहेरे माधव उाgऎ.
630 _aश्री यंत्र - रहस्य आणि सिध्दि यंत्रे
700 _aबेहेरे माधव उाgऎ.
730 _aश्री यंत्र - रहस्य आणि सिध्दि यंत्रे
942 _cBOOK
999 _c281941
_d281941